Statisticke metody v regulacii vyroby

Uložené v:
Podrobná bibliografia
Hlavný autor: LINCZENYI, A. (Author)
Médium: Kniha
Jazyk:Slovak
Vydané: 1972
Tagy: Pridať tag

MARC

LEADER 00000nam a2200000 a 4500
001 000159607
005 00000000000000.0
008 040101s1972 e sloo
041 0 |a slo 
100 1 |a LINCZENYI, A.  |4 aut 
245 1 0 |a Statisticke metody v regulacii vyroby 
260 |c 1972 
500 |a Záznam neprešiel kontrolou 
910 |a svkkk 
998 |a BK 
090 |g SCKHL  |k Sklad Pribinova 2. posch.  |a II0.15784  |i 159607-10  |s Absenčne